000
00266nam a22001217a 4500
003
OSt
008
231026b |||||||| |||| 00| 0 eng d
041
_a
hin
100
_a
Mahendraji
_9
5532
245
_a
Kahani kunj
260
_a
Agra
_b
Sahitya Ratn-Bandar
942
_c
BK
999
_c
17748
_d
17748